000 00393nam a2200121Ia 4500
008 220615s9999||||xx |||||||||||||| ||und||
245 0 _aRecent Advances in Theories and Practice of Chinese Medicine
546 _aEnglish[eng]
650 _aComplementary medicine
700 _aKuang, Haixue
856 _uhttps://mts.intechopen.com/storage/books/643/authors_book/authors_book.pdf
942 _cEB
999 _c11658
_d11658